000 00517nam a2200145Ia 4500
008 100122s9999 xx 000 0 und d
082 _b19554
_a823
100 _aपांढरीपांडे विजय
245 _aअंधारातल्या सावल्या
260 _bमेनका प्रकाशन
_c1973
300 _a168
630 _aअंधारातल्या सावल्या
730 _aअंधारातल्या सावल्या
942 _cBOOK
999 _c408554
_d408551